Estancias del pensamiento /

Shranjeno v:
Bibliografske podrobnosti
Glavni avtor: Murillo, Roberto
Format: Neznan
Jezik:Spanish
Izdano: San José, Costa Rica : Editorial Costa Rica, 1978.
Teme:
Oznake: Označite
Brez oznak, prvi označite!

MARC

LEADER 000000000a22000000004500
001 002589
041 0 |a spa 
082 0 4 |a CR864.4   |b M977e 
100 1 |a Murillo, Roberto 
245 1 0 |a Estancias del pensamiento /   |c Roberto Murillo. 
260 1 |a San José, Costa Rica :   |b Editorial Costa Rica,   |c 1978. 
300 |a 138 páginas 
650 4 |a LITERATURA COSTARRICENSE 
650 4 |a ENSAYOS 
999 |c 8972  |d 8972 
942 |c BK  |h CR864.4 M977e  |2 z